| 000 | 00827cem a22002415a 4500 | ||
|---|---|---|---|
| 001 | M1950 | ||
| 008 | s1981 xxk a | ||
| 035 | _a(Sirsi) u35523 | ||
| 041 | _aeng | ||
| 050 | _a394.4 | ||
| 110 | 2 |
_aRoyal Institution of Chartered Surveyors _94900 |
|
| 245 | 0 | 0 |
_aRoyal wedding celebrations [map of beacon route] _h[cartographic material] |
| 260 |
_aLondon _bRICS _c1981 |
||
| 300 |
_a1 map _col., rolled _c61x85cm. |
||
| 350 | _a0 | ||
| 520 | _aPortrays a nationwide network of beacons organised by the Royal Institution to celebrate the marriage of Prince Charles to Diana. | ||
| 650 | _aBEACONS | ||
| 650 | _aROYAL WEDDING | ||
| 651 | 4 |
_aUnited Kingdom _y |
|
| 690 | _aENVIRONMENTAL AND LAND CONSULTANCY-GEOMATICS-MAPPING AND POSITIONING-CARTOGRAPHY | ||
| 942 | _n0 | ||
| 948 | _c04/03/1997 | ||
| 999 |
_c116819 _d116819 |
||